000
00277nam a2200121Ia 4500
008
190216s9999||||xx |||||||||||||| ||und||
100
_a
Parameswara Iyer
245
0
_a
Hridayakaumudi
260
_b
Ulloor Publishers
_c
1964
300
_a
96p
650
_a
Kavithkal
942
_c
BK
999
_c
24207
_d
24207